书目信息 |
| 题名: |
科技与人文
|
|
| 作者: | 欧阳康 主编 | |
| 分册: | 第四辑 | |
| 出版信息: | 北京 社会科学文献出版社 2010 |
|
| 页数: | 308页 | |
| 开本: | 25cm | |
| 丛书名: | ||
| 单 册: | ||
| 中图分类: | N53 , C53 | |
| 科图分类: | ||
| 主题词: | 科学技术--关系--人文科学--文集 , 科学技术 , 人文科学 | |
| 电子资源: | ||
| ISBN: | 978-7-5097-1568-0 | |
| 000 | 00936nam0 2200265 450 | |
| 001 | 2371655413 | |
| 005 | 20231212195459.50 | |
| 010 | @a978-7-5097-1568-0@dCNY 49.00 | |
| 100 | @a20101016d2010 em y0chiy0110 ea | |
| 101 | 0 | @achi |
| 102 | @aCN@b110000 | |
| 105 | @ay z 000yy | |
| 200 | 1 | @a科技与人文@Ake ji yu ren wen@h第四辑@dScience, technology and humanity@hVolume 4@f欧阳康主编@g《科技与人文》编委会编@zeng |
| 210 | @a北京@c社会科学文献出版社@d2010 | |
| 215 | @a308页@d25cm | |
| 330 | @a本书内容包括:科技与人文关系、科技与社会可持续发展、SSK元理论、技术哲学、工程与伦理、中西医的人文与社会问题、论文摘要等。 | |
| 510 | 1 | @aScience, technology and humanity@hVolume 4@zeng |
| 606 | 0 | @a科学技术@x关系@x人文科学@j文集 |
| 606 | 0 | @a科学技术 |
| 606 | 0 | @a人文科学 |
| 690 | @aN53@v5 | |
| 690 | @aC53@v5 | |
| 701 | 0 | @a欧阳康@Aou yang kang@f(1953.6~)@4主编 |
| 801 | 2 | @aCN@b辽宁北配@c20231205 |
| 905 | @aBZT@dN53@e4:4 | |
| 科技与人文.第四辑=Science, technology and humanity.Volume 4/欧阳康主编/《科技与人文》编委会编.-北京:社会科学文献出版社,2010 |
| 308页;25cm |
| ISBN 978-7-5097-1568-0:CNY 49.00 |
| 本书内容包括:科技与人文关系、科技与社会可持续发展、SSK元理论、技术哲学、工程与伦理、中西医的人文与社会问题、论文摘要等。 |
| ● |
| 相关链接 |
|
|
|
正题名:科技与人文
索取号:N53/4:4
 
预约/预借
| 序号 | 登录号 | 条形码 | 馆藏地/架位号 | 状态 | 备注 |
| 1 | 2001532262 | 2001532262 | 319书库/ [索取号:N53/4:4] | 在馆 | |
| 2 | 2001532263 | 2001532263 | 319书库/ [索取号:N53/4:4] | 在馆 | |
| 3 | 2001532264 | 2001532264 | 319书库/ [索取号:N53/4:4] | 在馆 | |
| 4 | 2001532265 | 2001532265 | 319书库/ [索取号:N53/4:4] | 在馆 | |
| 5 | 2001532266 | 2001532266 | 315书库/ [索取号:N53/4:4] | 在馆 | |
| 6 | 2001532267 | 2001532267 | 319书库/ [索取号:N53/4:4] | 在馆 | |
| 7 | 2001532268 | 2001532268 | 319书库/ [索取号:N53/4:4] | 在馆 | |
| 8 | 2001532269 | 2001532269 | 319书库/ [索取号:N53/4:4] | 在馆 | |
| 9 | 2001532270 | 2001532270 | 319书库/ [索取号:N53/4:4] | 在馆 | |
| 10 | 2001532271 | 2001532271 | 319书库/ [索取号:N53/4:4] | 在馆 | |
| 11 | 2001532272 | 2001532272 | 319书库/ [索取号:N53/4:4] | 在馆 | |
| 12 | 2001532273 | 2001532273 | 319书库/ [索取号:N53/4:4] | 在馆 | |
| 13 | 2001532274 | 2001532274 | 319书库/ [索取号:N53/4:4] | 在馆 | |
| 14 | 2001532275 | 2001532275 | 319书库/ [索取号:N53/4:4] | 在馆 | |
| 15 | 2001532276 | 2001532276 | 319书库/ [索取号:N53/4:4] | 在馆 | |
| 16 | 2001532277 | 2001532277 | 319书库/ [索取号:N53/4:4] | 在馆 | |
| 17 | 2001532278 | 2001532278 | 319书库/ [索取号:N53/4:4] | 在馆 | |
| 18 | 2001532279 | 2001532279 | 319书库/ [索取号:N53/4:4] | 在馆 | |
| 19 | 2001532280 | 2001532280 | 319书库/ [索取号:N53/4:4] | 在馆 | |
| 20 | 2001532281 | 2001532281 | 319书库/ [索取号:N53/4:4] | 在馆 | |
| 21 | 2001532282 | 2001532282 | 319书库/ [索取号:N53/4:4] | 在馆 | |
| 22 | 2001532283 | 2001532283 | 319书库/ [索取号:N53/4:4] | 在馆 | |
| 23 | 2001532284 | 2001532284 | 319书库/ [索取号:N53/4:4] | 在馆 | |
| 24 | 2001532285 | 2001532285 | 319书库/ [索取号:N53/4:4] | 在馆 | |
| 25 | 2001532286 | 2001532286 | 319书库/ [索取号:N53/4:4] | 在馆 | |
| 26 | 2001532287 | 2001532287 | 315书库/ [索取号:N53/4:4] | 在馆 | |
| 27 | 2001532288 | 2001532288 | 315书库/ [索取号:N53/4:4] | 在馆 | |
| 28 | 2001532289 | 2001532289 | 315书库/ [索取号:N53/4:4] | 在馆 | |
| 29 | 2001532290 | 2001532290 | 315书库/ [索取号:N53/4:4] | 在馆 | |
| 30 | 2001532291 | 2001532291 | 315书库/ [索取号:N53/4:4] | 在馆 |